| 000 | 03621cam a2200649 i 4500 | ||
|---|---|---|---|
| 999 |
_c1096 _d1096 |
||
| 001 | 20884706 | ||
| 003 | OSt | ||
| 005 | 20210531153426.0 | ||
| 008 | 190311s2019 nyuab j 001 0beng d | ||
| 010 | _a 2018289630 | ||
| 020 |
_a9781465475435 _q(paperback) |
||
| 020 |
_a1465475435 _q(paperback) |
||
| 035 | _a(OCoLC)on1031673339 | ||
| 040 |
_aYDX _beng _cYDX _erda _dBDX _dOCLCQ _dNFR _dTOH _dMZC _dJQW _dJPL _dIGA _dNYP _dPFLCL _dCGP _dLPL _dIUK _dA2A _dOCLCO _dSSH _dOCLCF _dJO8 _dANK _dOCLCO _dTXLBH _dWSD _dOCLCO _dJQJ _dJQH _dYVR _dOCLCO _dGFO _dDLC _dKH8 |
||
| 042 | _alccopycat | ||
| 043 | _ae-ne--- | ||
| 082 | 0 | 4 |
_a940.53 KRE _223 |
| 100 | 1 |
_aKrensky, Stephen, _eauthor. |
|
| 245 | 1 | 0 |
_aAnne Frank / _cby Stephen Krensky ; illustrated by Charlotte Ager. |
| 250 | _aFirst American edition. | ||
| 264 | 1 |
_aNew York, New York : _bDK Publishing, _c2019. |
|
| 300 |
_a128 pages : _billustrations (some color), maps ; _c20 cm. |
||
| 336 |
_atext _btxt _2rdacontent |
||
| 336 |
_astill image _bsti _2rdacontent |
||
| 337 |
_aunmediated _bn _2rdamedia |
||
| 338 |
_avolume _bnc _2rdacarrier |
||
| 490 | 1 | _aDK life stories | |
| 500 | _aIncludes index. | ||
| 505 | 0 | _aA noisy arrival -- Trouble ahead -- Welcome to Amsterdam -- The clouds darken -- Changing times -- New worries -- Disappearing act -- Hidden life -- Complications -- Keeping hope alive -- Time runs out -- The legacy lives. | |
| 520 | _a"Anne Frank's diary is read by children and adults worldwide. It tells two stories: one of an extraordinary young girl living in hiding during one of the most fearsome times in history, and one of a relatable young girl facing the same questions and troubles that kids come up against today. Learn how both sides of this puzzle made up the person who is Anne Frank. In this biography for kids ages 8-12, meet Anne's family and friends, explore "The Annex" where they hid, and see her story put in historical context alongside information about World War II and the Holocaust, and Hitler and Nazi Germany"--Provided by publisher. | ||
| 600 | 1 | 0 |
_aFrank, Anne, _d1929-1945 _vJuvenile literature. |
| 600 | 1 | 1 |
_aFrank, Anne, _d1929-1945. |
| 600 | 1 | 4 |
_aFrank, Anne, _d1929-1945 _xJuvenile literature. |
| 600 | 1 | 7 |
_aFrank, Anne, _d1929-1945. _2fast _0(OCoLC)fst00044981 |
| 611 | 2 | 7 |
_aGerman Occupation of Netherlands (1940-1945) _2fast _0(OCoLC)fst01353182 |
| 611 | 0 | 7 |
_aHolocaust, Jewish (1939-1945) _2fast _0(OCoLC)fst00958866 |
| 648 | 7 |
_a1939-1945 _2fast |
|
| 650 | 0 |
_aJewish children in the Holocaust _zNetherlands _zAmsterdam _vBiography _vJuvenile literature. |
|
| 650 | 0 |
_aHolocaust, Jewish (1939-1945) _zNetherlands _zAmsterdam _vJuvenile literature. |
|
| 650 | 1 |
_aJewish children in the Holocaust _zNetherlands _zAmsterdam _vBiography. |
|
| 650 | 7 |
_aJUVENILE NONFICTION / Biography & Autobiography / Historical. _2bisacsh |
|
| 650 | 7 |
_aJUVENILE NONFICTION / Biography & Autobiography / Women. _2bisacsh |
|
| 650 | 7 |
_aJewish children in the Holocaust. _2fast _0(OCoLC)fst00982706 |
|
| 651 | 0 |
_aNetherlands _xHistory _yGerman occupation, 1940-1945 _vJuvenile literature. |
|
| 651 | 7 |
_aNetherlands. _2fast _0(OCoLC)fst01204034 |
|
| 651 | 7 |
_aNetherlands _zAmsterdam. _2fast _0(OCoLC)fst01204180 |
|
| 655 | 4 | _aBiographies. | |
| 655 | 7 |
_aBiography. _2fast _0(OCoLC)fst01423686 |
|
| 655 | 7 |
_aHistory. _2fast _0(OCoLC)fst01411628 |
|
| 655 | 7 |
_aIllustrated works. _2fast _0(OCoLC)fst01423873 |
|
| 655 | 7 |
_aJuvenile works. _2fast _0(OCoLC)fst01411637 |
|
| 655 | 7 |
_aBiographies. _2lcgft |
|
| 700 | 1 |
_aAger, Charlotte, _eillustrator. |
|
| 830 | 0 | _aDK life stories. | |
| 906 |
_a7 _bcbc _ccopycat _d2 _encip _f20 _gy-gencatlg |
||
| 942 |
_2ddc _cNFIC |
||